La familia
Na minha lista:
| Autor principal: | |
|---|---|
| Outros Autores: | , |
| Formato: | Livro |
| Idioma: | espanhol |
| Publicado em: |
Barcelona
Península
1986
|
| Edição: | 6a. ed |
| coleção: | Historia, ciencia, sociedad, 57
|
| Assuntos: | |
| Tags: |
Adicionar Tag
Sem tags, seja o primeiro a adicionar uma tag!
|
MARC
| LEADER | 00000nam a2200000 a 4500 | ||
|---|---|---|---|
| 001 | UCR3434 | ||
| 003 | CL-VaPUC | ||
| 005 | 20250228090210.0 | ||
| 008 | 980124e19860000SP |||||||||||||||||spa|d | ||
| 999 | |c 266507 |d 266505 | ||
| 040 | |c Pontificia Universidad Católica de Valparaíso | ||
| 082 | 0 | 4 | |a 306.85 |b FRO |2 21 |
| 100 | 0 | |a Fromm, Erich |e author |9 315922 | |
| 245 | 1 | 3 | |a La familia |
| 250 | |a 6a. ed | ||
| 260 | |a Barcelona |b Península |c 1986 | ||
| 300 | |a 296 p | ||
| 490 | 0 | |a Historia, ciencia, sociedad, 57 | |
| 583 | |a last modification |c 19980124 00:00:00 |k Rodrigo Vera | ||
| 650 | 0 | |a Familias |9 255641 | |
| 650 | 7 | |a ESTRUCTURA SOCIAL |2 CL-VaPUC |9 402296 | |
| 650 | 0 | |a Valores religiosos |9 399791 | |
| 650 | 0 | |a Educación |9 258661 | |
| 650 | 0 | |a Autoritarismo |9 295297 | |
| 650 | 7 | |a EMOCION |2 CL-VaPUC |9 379822 | |
| 650 | 0 | |a Sexo |9 257818 | |
| 650 | 7 | |a CARACTER |2 CL-VaPUC |9 308186 | |
| 650 | 0 | |a Vivienda |9 258662 | |
| 650 | 7 | |a TRADICION |2 CL-VaPUC |9 375988 | |
| 700 | |a Horkheimer, Max |e autor |9 402295 | ||
| 700 | |a Parsons, Talcott |e autor |9 880793 | ||
| 942 | |c BK |2 ddc | ||
| 945 | |d 19980124 00:00:00 |a aolguin | ||
| 952 | |0 0 |1 0 |4 0 |6 306_850000000000000_FRO_1986 |7 0 |8 R |9 298187 |a BIBGIM |b BIBGIM |d 2019-11-20 |i 1939823 |l 3 |o 306.85 FRO 1986 |p 1939823 |r 2025-01-15 |s 2021-03-09 |w 2019-11-20 |y BK_R |k SSL | ||